KOHA-Header-6

Business Research Methods (Record no. 980)

000 -LEADER
fixed length control field 00308nam a2200121Ia 4500
008 - FIXED-LENGTH DATA ELEMENTS--GENERAL INFORMATION
fixed length control field 190722s9999 xx 000 0 und d
020 ## - INTERNATIONAL STANDARD BOOK NUMBER
International Standard Book Number 978-983-47074-7-7
100 ## - MAIN ENTRY--PERSONAL NAME
Personal name Mukesh Kumar
245 #0 - TITLE STATEMENT
Title Business Research Methods
260 ## - PUBLICATION, DISTRIBUTION, ETC. (IMPRINT)
Place of publication, distribution, etc New York
Name of publisher, distributor, etc Oxford University Press
Date of publication, distribution, etc 2013
300 ## - PHYSICAL DESCRIPTION
Extent 422
942 ## - ADDED ENTRY ELEMENTS (KOHA)
Koha item type Books
Holdings
Withdrawn status Lost status Damaged status Not for loan Collection code Permanent Location Current Location Shelving location Date acquired Total Checkouts Total Renewals Full call number Barcode Date last seen Date checked out Price effective from Koha item type
        Business MAJU MAJU   2021-01-09 2 1 658.007 7605 2024-06-30 2024-06-25 2019-07-22 Business

Powered by Koha